000
00295 a2200145 4500
001
166558
020
_a
040
_c
Magnum
100
_a
Piaget, Jean
240
1
0
_a
Epistemologia genetica
_l
por
245
1
0
_a
Epistemologia genetica
362
0
_a
1899
697
_a
PEDAGOGIA
942
_c
BK
999
_c
166558
_d
166558